000 005080000a22001810004500
003 MACL
005 20160420125551.0
008 160420b xxu||||| |||| 00| 0 eng d
040 _aMACL
_cMACL
041 _aHindi
082 _a100
100 _aमधुकर
_952847
245 _aभारतीय विचारधारा
260 _bभारतीय ज्ञानपीठ काशी
_c1951
_aबनारस
350 _a2
650 _aPhilisophy
_952848
942 _cHIN
_k100
_2ddc
999 _c22820
_d22820